[Event "FIDE Womens GP Lausanne 2020"]
[Site "Lausanne"]
[Date "2020.03.07"]
[Round "6.2"]
[White "Ju, Wenjun"]
[Black "Cramling, Pia"]
[Result "1/2-1/2"]
[WhiteElo "2583"]
[BlackElo "2470"]
[Annotator "TA"]
[PlyCount "146"]
[EventDate "2020.03.02"]
[EventType "tourn"]
[EventCountry "SUI"]
[SourceTitle "playchess.com"]
[Source "ChessBase"]
[SourceQuality "1"]

{[%evp 11,146,8,8,14,12,3,6,21,59,44,36,37,50,47,39,18,19,12,17,7,20,15,12,16,23,31,30,7,7,6,0,2,7,10,9,6,6,5,3,0,4,0,0,0,6,6,21,2,29,0,0,0,0,0,22,15,18,18,22,6,6,3,63,57,62,53,195,187,190,203,239,153,229,179,177,141,345,334,340,336,328,278,362,362,554,53,89,12,1,8,8,0,0,0,31,0,0,0,0,0,0,0,80,79,79,79,81,88,83,27,118,8,8,8,12,0,0,0,0,0,0,0,0,0,0,0,0,0,0,0,0,0,0,0,0,0,0]} 1. d4 Nf6 2. c4 e6 3. g3 d5 4. Bg2 dxc4 5. Nf3 Bb4+ 6. Bd2 a5 7. Qc2 {E04: Open Catalan: 5 Nf3.} Bxd2+ 8. Qxd2 c6 9. a4 b5 10. axb5 {10.Na3 is vanishing.} cxb5 11. Qg5 O-O 12. Qxb5 Ba6 13. Qxa5 Bb7 $1 14. Qxd8 Rxa1 15. Qxf8+ $1 (15. Qb6 $2 Rxb1+ 16. Kd2 c3+ 17. Kxc3 Nd5+ 18. Kd2 Nxb6 $19) 15... Kxf8 16. O-O Ra2 17. Ne5 Ba6 18. Rc1 Rxb2 {[#]} 19. e3 $146 ({Predecessor:} 19. Nc3 Nfd7 20. f4 Nxe5 21. fxe5 f6 22. exf6 gxf6 23. Kf2 Ke7 24. Na4 Rb4 25. Nc3 {½-½ (56) Buhmann,R (2587)-Golubovic,B (2392) Rijeka 2010}) 19... Nbd7 20. Nxd7+ Nxd7 21. Nc3 Rb3 22. Kf1 e5 23. Ke1 exd4 24. exd4 Nf6 25. h3 Ne8 26. Kd2 Nd6 27. Kc2 Nf5 28. Rd1 Bb7 29. d5 Nd6 30. Bf1 Rb4 31. Re1 Bc8 32. g4 h5 33. gxh5 Bf5+ 34. Kd2 Rb3 35. f3 Ra3 36. h4 Ra5 (36... Bc8 $11) 37. Ke3 $14 Bc8 38. Kd4 Ba6 (38... Bd7 $14) 39. Bh3 $1 $18 Bb7 {intending ...Nb5+.} 40. Bd7 Ba6 41. f4 Bb7 (41... Bc8 $16) 42. Re2 Ba6 43. f5 {aiming for f6!} f6 $2 (43... Bc8 $16 {is a better defense.}) 44. Be6 Bc8 45. Bxc8 Nxc8 {[%mdl 4096] Endgame KRN-KRN} 46. Re6 ({Not} 46. Kxc4 Nd6+ 47. Kb4 Ra7 $16) 46... Ne7 47. Ke4 $1 ({Less strong is} 47. Kxc4 Nxf5 48. Nb5 Kf7 $14) 47... Ra3 (47... Kf7 $142 48. d6 Nxf5) 48. Ne2 $2 ({White should try} 48. d6 $18 Nc6 49. Nd5) 48... c3 49. d6 (49. Nxc3 $16 Rxc3 50. d6 Rc4+ 51. Kd3 $1 {[%mdl 512]}) 49... Ra4+ $11 50. Kd3 Nxf5 51. d7 Ra8 52. Ke4 Nh6 53. Kd5 c2 54. Ra6 Rd8 $1 {[%cal Rd8d7]} 55. Ke6 {Threatens to win with Rc6.} Nf7 56. Rc6 {Black must now prevent Rc8.} Ra8 (56... Rxd7 $1 $11 {remains equal.} 57. Kxd7 Ne5+ 58. Kd6 Nxc6 59. Kxc6 Kg8) 57. Rc8+ $16 ({Reject} 57. Rxc2 Ra6+ 58. Kf5 Ra5+ 59. Kf4 Rxh5 $11) 57... Nd8+ {[#]} 58. Kf5 $1 Ra5+ 59. Kg6 Ke7 {[#]} 60. Rxc2 (60. Nd4 $1 $16) 60... Kxd7 (60... Ra4 $1 $11 {keeps the balance.}) 61. Nf4 (61. Nd4 $16) 61... Ra4 $11 {The position is equal.} 62. Rf2 Ke8 63. Kxg7 Rxf4 $1 {[%mdl 64] Remove Defender} 64. Rxf4 Ne6+ 65. Kxf6 Nxf4 {KN-KPP} 66. h6 Nh5+ 67. Kg6 {And now h7 would win.} (67. Kg5 $5 {[%cal Rh6h7]} Kf7 68. Kxh5 $11) 67... Nf4+ 68. Kg7 {h7 is the strong threat.} Nh5+ 69. Kg8 Nf6+ (69... Ke7 $5) 70. Kg7 Nh5+ 71. Kg6 {White threatens h7 and mate.} Nf4+ 72. Kf5 {Threatening mate with h7.} Kf7 73. Kxf4 Kg6 {Black escapes into a draw. Accuracy: White = 79%, Black = 70%.} 1/2-1/2

[Event "FIDE Womens GP Lausanne 2020"]
[Site "Lausanne"]
[Date "2020.03.07"]
[Round "6.3"]
[White "Dzagnidze, Nana"]
[Black "Muzychuk, Mariya"]
[Result "1/2-1/2"]
[WhiteElo "2515"]
[BlackElo "2552"]
[Annotator "TA"]
[PlyCount "64"]
[EventDate "2020.03.02"]
[EventType "tourn"]
[EventCountry "SUI"]
[SourceTitle "playchess.com"]
[Source "ChessBase"]
[SourceQuality "1"]

{[%evp 21,64,37,33,27,27,25,23,24,25,30,36,24,24,32,26,28,36,36,31,31,36,29,31,29,37,39,36,33,39,22,28,34,31,22,60,15,14,15,14,15,16,17,35,0,0]} 1. d4 Nf6 2. Nf3 d5 3. c4 e6 4. e3 a6 5. b3 dxc4 6. Bxc4 c5 7. O-O Nc6 8. dxc5 Qxd1 9. Rxd1 Bxc5 10. Bb2 b5 11. Be2 Bb7 12. Nbd2 {D27: Queen's Gambit Accepted: Classical main line: 7 e4!? and 7 a4.} Be7 13. a4 bxa4 14. Rxa4 {White has an edge.} O-O 15. Rda1 {[%cal Re2a6]} a5 16. Nc4 Bb4 17. Nd4 Nd5 18. Bf3 {[#]} Nxd4 $146 ({Predecessor:} 18... Rab8 19. Nxc6 Bxc6 20. R4a2 Ne7 21. Be5 Rb7 22. Bd1 Bd5 23. f3 Bxc4 24. bxc4 Rd8 {0-1 (31) Gupta,A (2562)-Xu,X (2301) Hamedan 2018}) 19. Bxd4 {[%cal Rc4a5]} Bc6 20. R4a2 {[%cal Rc4a5]} Rfb8 21. h3 {[%cal Rc4a5]} h6 22. Nxa5 Rxa5 23. Rxa5 Bxa5 24. Rxa5 Rxb3 25. Ra6 Rb1+ 26. Kh2 Rc1 $1 27. Ra7 Rc2 28. Kg3 Nf6 29. Rc7 Be4 30. Rxc2 Bxc2 31. Kf4 g5+ 32. Kg3 (32. Ke5 $5 {[%cal Re5f6]} Kg7 33. Bb2 $16) 32... Ne4+ {Accuracy: White = 86%, Black = 95%.} 1/2-1/2

[Event "FIDE Womens GP Lausanne 2020"]
[Site "Lausanne"]
[Date "2020.03.07"]
[Round "6.4"]
[White "Goryachkina, Aleksandra"]
[Black "Muzychuk, Anna"]
[Result "1/2-1/2"]
[WhiteElo "2579"]
[BlackElo "2539"]
[Annotator "TA"]
[PlyCount "82"]
[EventDate "2020.03.02"]
[EventType "tourn"]
[EventCountry "SUI"]
[SourceTitle "playchess.com"]
[Source "ChessBase"]
[SourceQuality "1"]

{[%evp 9,82,31,50,17,20,20,29,17,29,30,30,33,54,41,53,11,16,10,21,10,12,14,17,4,10,0,6,8,5,5,11,0,0,0,5,0,0,0,0,0,0,0,0,0,0,0,0,0,0,0,0,0,0,0,0,0,0,0,6,6,12,0,0,0,0,0,0,0,0,0,0,0,0,0,0]} 1. Nf3 Nf6 2. c4 g6 3. Nc3 d5 4. cxd5 Nxd5 5. h4 Nxc3 6. dxc3 {A16: English Opening: 1...Nf6 with ...d5.} (6. bxc3 {seems wilder.} Bg7 7. h5 Qd5 8. e3 Nc6 9. d4) 6... Qxd1+ 7. Kxd1 h5 8. e4 {[#] White has an edge.} Bh6 $146 ({Predecessor:} 8... f6 9. Nd4 e5 10. Nb5 Rh7 11. a4 Bc5 12. f3 a6 13. Na3 Be6 14. Kc2 a5 {½-½ (64) Castellanos Rodriguez,R (2474)-Gutenev,A (2469) Moscow 2019}) 9. Bxh6 Rxh6 10. Kc2 f6 11. e5 Bf5+ 12. Bd3 (12. Kb3 {is interesting.} Be6+ 13. Ka3 Nc6 14. exf6 exf6 15. Rd1) 12... Bxd3+ {The position is equal.} 13. Kxd3 Nc6 14. Rhe1 O-O-O+ 15. Kc2 Rhh8 16. exf6 exf6 17. Re6 Rhf8 18. Rae1 Kd7 19. R6e2 Rde8 20. Nd2 Rxe2 21. Rxe2 $11 {[%mdl 4096] Endgame KRN-KRN} Nd8 22. Nb3 Ne6 23. Rd2+ Kc8 24. Nd4 Re8 25. Nxe6 Rxe6 {KR-KR} 26. Kd1 c6 27. Rd3 Kc7 28. Rg3 f5 29. Kd2 c5 30. c4 Rb6 31. Kc3 Rd6 32. a3 a5 33. Re3 Kd7 34. Re5 b6 35. b3 Re6 36. Rd5+ Kc7 37. g3 Re2 38. Rd2 Re1 39. a4 f4 40. Rd3 Re4 41. Kd2 fxg3 {Accuracy: White = 94%, Black = 100%.} 1/2-1/2

[Event "FIDE Womens GP Lausanne 2020"]
[Site "Lausanne"]
[Date "2020.03.07"]
[Round "6.5"]
[White "Kosteniuk, Alexandra"]
[Black "Harika, Dronavalli"]
[Result "1-0"]
[WhiteElo "2504"]
[BlackElo "2518"]
[Annotator "TA"]
[PlyCount "109"]
[EventDate "2020.03.02"]
[EventType "tourn"]
[EventCountry "SUI"]
[SourceTitle "playchess.com"]
[Source "ChessBase"]
[SourceQuality "1"]

{[%evp 18,109,14,12,17,12,8,14,22,-10,-7,-14,-6,-5,-13,-10,-10,-14,0,0,0,0,0,0,0,0,0,0,41,40,26,22,22,20,41,35,12,0,31,31,56,61,63,14,77,68,66,0,157,97,173,93,180,103,128,130,666,75,112,0,622,0,127,91,137,132,155,78,79,74,86,81,72,12,12,12,67,54,79,0,0,0,0,-29970,0,0,183,183,183,183,183,183,29995,29996]} 1. e4 e5 2. Nf3 Nc6 3. Bb5 Nf6 4. O-O Nxe4 5. Re1 Nd6 6. Nxe5 Nxe5 7. Rxe5+ Be7 8. Bf1 O-O 9. d4 Bf6 10. Re1 Re8 {C67: Ruy Lopez: Berlin Defence: 4 0-0 Nxe4.} 11. Bf4 Rxe1 12. Qxe1 Ne8 {The position is equal.} 13. Nc3 Bxd4 14. Nd5 d6 15. Bg5 f6 16. Bh4 Bxb2 17. Rb1 Be5 18. f4 c6 19. fxe5 cxd5 20. exf6 Nxf6 21. Bd3 {Bxf6 is the strong threat.} Bd7 $1 {[#]} 22. Qc3 $5 $146 {[%mdl 8] An interesting novelty.} ({Predecessor:} 22. h3 b5 23. Bxb5 Qe8 24. Qxe8+ Bxe8 25. Ba6 Bg6 26. Bxf6 gxf6 27. Bb7 Re8 28. Bxd5+ {½-½ (34) Kovalev,V (2661)-Karjakin,S (2760) Douglas 2019}) 22... Ne4 23. Bxe4 Qxh4 24. Bxd5+ {[%mdl 64] [#] Double Attack} Kh8 25. Rxb7 Rc8 26. Qd2 ({Don't blunder} 26. Bc6 $2 Qd8 $19) 26... Re8 $1 {[%cal Re8e1] ( -> ...Re1+)} 27. g3 Qg4 28. Rxa7 Bf5 29. Bc6 Rc8 30. Re7 h6 (30... Qc4 $11 {keeps the balance.} 31. Bd5 Qc5+ 32. Kg2 Bxc2) 31. Qxd6 Qg5 {And now ...Qc1+ would win.} 32. Re2 (32. h4 $14 Qc1+ 33. Kh2) 32... Bg6 $2 (32... Bh3 $1 $11 33. Bg2 Rd8) 33. Kg2 (33. h4 $142 Qc1+ 34. Kg2) 33... Kh7 (33... Bf7 $16 {keeps fighting.} 34. Bf3 Qf5) 34. h4 (34. Qe6 $18 Bf5 35. Be4 Bxe4+ 36. Qxe4+ Qg6 37. c4) 34... Qa5 (34... Qg4 $16 35. Bf3 Qc4) 35. Qd5 (35. Qe6 $18 Qa6 36. Bd5 Qxe6 37. Bxe6 Rxc2 38. Rxc2 Bxc2 39. Kf3) 35... Qc3 36. Bb7 Rc4 $2 {[%mdl 8192]} (36... Rc5 $16 37. Qe6 Qd4) 37. Qf3 $2 (37. h5 $18 {and the rest is easy.} Rg4 38. hxg6+ Rxg6 39. Qf3 Qxf3+ 40. Kxf3) 37... Qd4 38. Qd5 $2 {[%mdl 8192]} (38. h5 $16 Bxc2 39. Bd5) 38... Qc3 $1 $18 39. Qf3 $2 (39. h5 $18 Bxc2 40. Re8 Be4+ 41. Rxe4) 39... Qd4 $1 $16 40. Qf2 Qd1 41. Bf3 Qb1 {[#]} 42. h5 (42. a4 $142 $1) 42... Bxc2 43. Bd5 {Threatening mate with Re8.} Rc8 44. Kh2 {Threatens to win with Be6.} Bd3 {Strongly threatening ...Qd1.} 45. Qd4 $40 {[%mdl 128] White is up to no good.} (45. Rb2 $16 Qd1 46. Qf3 Qxf3 47. Bxf3) 45... Rd8 $1 $11 {[%cal Rd8d5]} 46. Rd2 Bc2 (46... Bf5 $11) 47. a4 Kh8 48. Qh4 ({Better is} 48. Qc3 $16 {Hoping for Bc4.} Bf5 49. Bg2 Rxd2 50. Qxd2) 48... Rxd5 {[%mdl 64] Remove Defender} 49. Rxd5 {[%mdl 4096] Endgame KQR-KQB} Be4 {[%csl Ge4][%cal Rb1h1]} 50. Qd8+ Kh7 {[%csl Ge4][%cal Rb1h1]} 51. Rd1 Qc2+ $2 (51... Qb3 $11 {and Black has nothing to worry.}) 52. Qd2 $18 Qxa4 53. Qe2 Bf5 54. Rd8 Qb4 $2 (54... Qg4 $18 55. Qxg4 Bxg4) 55. Qa2 {Quite a comeback for White. Accuracy: White = 64%, Black = 59%.} 1-0

[Event "FIDE Womens GP Lausanne 2020"]
[Site "Lausanne"]
[Date "2020.03.07"]
[Round "6.6"]
[White "Abdumalik, Zhansaya"]
[Black "Stefanova, Antoaneta"]
[Result "1-0"]
[WhiteElo "2471"]
[BlackElo "2469"]
[Annotator "TA"]
[PlyCount "101"]
[EventDate "2020.03.02"]
[EventType "tourn"]
[EventCountry "SUI"]
[SourceTitle "playchess.com"]
[Source "ChessBase"]
[SourceQuality "1"]

{[%evp 9,101,18,8,13,14,11,18,0,0,0,14,17,23,20,20,16,16,0,16,22,14,5,13,15,29,0,0,0,0,0,0,0,0,0,0,10,12,0,-9,-12,14,10,10,0,52,44,50,35,27,33,104,73,128,123,141,142,125,147,153,148,158,145,148,137,181,181,184,180,214,202,199,214,219,214,245,198,218,216,212,213,227,225,233,233,217,215,362,362,361,333,380,374,359,342]} 1. e4 e5 2. Nf3 Nc6 3. d4 exd4 4. Nxd4 Qf6 5. Ne2 Bc5 6. Nf4 {C45: Scotch Game.} Nge7 7. Nc3 O-O {[#]} 8. Bd3 $146 {The position is equal.} ({Predecessor:} 8. Be2 d6 9. O-O Be6 10. Be3 Bxe3 11. fxe3 Qg5 12. Rf3 Ng6 13. Rg3 Qe7 14. Bg4 {1-0 (45) Kobozeva,V (2022)-Makarova,D (1797) Moscow 2015}) 8... Ne5 9. O-O Nxd3 10. Qxd3 c6 11. Be3 Bd6 12. Nfe2 Bc7 13. Ng3 Qg6 14. Rad1 d6 15. Nce2 {[%cal Bc3e2,Be2f4,Bf4h3,Bh3g5][%mdl 32]} f5 16. Qb3+ Kh8 17. Nf4 (17. f3 {with more complications.} d5 18. Nf4 Bxf4 19. Bxf4 fxe4 20. fxe4 Bg4 21. Rde1) 17... Qf7 18. Qxf7 Rxf7 19. Rfe1 Kg8 {With the idea ...g5.} 20. Nh3 fxe4 {Strongly threatening ...d5.} 21. Ng5 $36 {[%mdl 2048] White has good play.} Rf8 22. N5xe4 Nd5 23. Bc1 b5 24. h3 a5 25. b3 b4 26. Bb2 Ba6 (26... Ra7 $11) 27. Ng5 $14 {[#] And now Rxd5! would win.} Bb6 28. Bd4 Bxd4 29. Rxd4 a4 (29... Rf6 $14) 30. N5e4 {Black is now going downhill.} (30. bxa4 $6 Bc8 $11) 30... Rad8 (30... axb3 $142 31. axb3 Rad8) 31. bxa4 $16 Bb7 32. Red1 Rd7 33. a3 bxa3 34. Ra1 (34. c4 Nb4 $11) 34... c5 35. Rdd1 Bc6 36. Rxa3 Nb6 37. a5 (37. Nxd6 Nc4 $15) 37... Nc4 38. Rc3 Nxa5 39. Rxd6 Rxd6 40. Nxd6 Rd8 41. Ngf5 ({Don't take} 41. Rxc5 $6 Rxd6 42. Nf5 (42. Rxa5 Rd1+ 43. Kh2 Rd2 $16) 42... Rd1+ 43. Kh2 Rd2 $16) 41... g6 42. Ne7+ Kg7 43. Nxc6 Nxc6 $18 {[%mdl 4096] Endgame KRN-KRN} 44. Ne4 Rd1+ 45. Kh2 Nd4 46. Rxc5 Re1 47. Rc7+ Kh6 (47... Kf8 $142) 48. Nf6 g5 49. c3 ({Less strong is} 49. Rxh7+ Kg6 $18) 49... Nf5 50. Nxh7 Re2 51. Nf6 {Accuracy: White = 95%, Black = 74%.} 1-0

[Event "FIDE Womens GP Lausanne 2020"]
[Site "Lausanne"]
[Date "2020.03.09"]
[Round "7.1"]
[White "Stefanova, Antoaneta"]
[Black "Kashlinskaya, Alina"]
[Result "1/2-1/2"]
[WhiteElo "2469"]
[BlackElo "2484"]
[Annotator "TA"]
[PlyCount "28"]
[EventDate "2020.03.02"]
[EventType "tourn"]
[EventCountry "SUI"]
[SourceTitle "playchess.com"]
[Source "ChessBase"]
[SourceQuality "1"]

{[%evp 24,28,12,0,0,0,9]} 1. d4 Nf6 2. c4 e6 3. Nf3 d5 4. g3 Bb4+ 5. Bd2 Be7 6. Bg2 O-O 7. O-O Nbd7 8. Qc2 c6 9. Bf4 b6 10. Rd1 Bb7 11. Ne5 Nh5 12. Bd2 Nhf6 {[#]} 13. Bf4 $146 ({Predecessor:} 13. cxd5 cxd5 14. Nc6 Bxc6 15. Qxc6 Qc8 16. Qxc8 Rfxc8 17. Nc3 a6 18. a4 b5 19. axb5 axb5 20. e3 b4 21. Na2 {½-½ (35) Leko,P (2666)-Fressinet,L (2633) Germany 2020}) 13... Nh5 {E08: Closed Catalan: Main Line: 7 Qc2.} 14. Bd2 Nhf6 {An uneventful encounter.} 1/2-1/2

[Event "FIDE Womens GP Lausanne 2020"]
[Site "Lausanne"]
[Date "2020.03.09"]
[Round "7.2"]
[White "Harika, Dronavalli"]
[Black "Abdumalik, Zhansaya"]
[Result "1/2-1/2"]
[WhiteElo "2518"]
[BlackElo "2471"]
[Annotator "TA"]
[PlyCount "60"]
[EventDate "2020.03.02"]
[EventType "tourn"]
[EventCountry "SUI"]
[SourceTitle "playchess.com"]
[Source "ChessBase"]
[SourceQuality "1"]

{[%evp 9,60,10,22,3,16,0,0,0,0,-26,-18,-24,-23,-20,-21,-50,-46,-57,-54,-53,-65,-67,-67,-66,-69,-53,-49,-56,-50,-43,-31,-29,-11,-22,-13,-21,0,-14,-22,-9,-10,-31,-25,-35,-31,-25,0,0,0,-14,-6,-6,-12]} 1. e4 e5 2. Nf3 Nc6 3. Nc3 Nf6 4. Bb5 Bd6 5. d3 O-O 6. Bg5 {C48: Four Knights: 4 Bb5, replies other than 4...Bb4.} Be7 7. h3 {[#]} Nd4 $146 ({Predecessor:} 7... h6 8. Bd2 a6 9. Bxc6 bxc6 10. Nxe5 Bb7 11. O-O d5 12. a3 Nd7 13. Nxd7 Qxd7 {1-0 (40) Reed,J (619)-Mori,R (666) LSS email 2009}) 8. Bc4 c6 9. Bxf6 (9. Nxe5 {seems wilder.} d5 10. Bb3 Nxe4 11. dxe4 Nxb3 12. Nxc6 bxc6 13. Bxe7 Qxe7 14. axb3 f5 15. e5) 9... Nxf3+ 10. Qxf3 Bxf6 11. O-O d6 12. Kh1 g6 13. Ne2 Bg7 14. c3 Kh8 15. d4 f5 16. exf5 e4 17. Qe3 d5 18. Bb3 {Threatening fxg6.} Bxf5 19. c4 dxc4 20. Bxc4 Qb6 21. Rad1 Rad8 ({Much weaker is} 21... Qxb2 $6 22. Rb1 $16) 22. Bb3 a5 (22... Qb4 {looks sharper.} 23. Rfe1 Bc8 24. Kg1 a5 25. a3 Qb5) 23. d5 Qxe3 24. fxe3 cxd5 25. Bxd5 Bxb2 26. Bxb7 Rxd1 27. Rxd1 Rb8 28. Bd5 {The position is equal.} h5 29. Nd4 Kg7 30. Nxf5+ gxf5 {Accuracy: White = 90%, Black = 96%.} 1/2-1/2

[Event "FIDE Womens GP Lausanne 2020"]
[Site "Lausanne"]
[Date "2020.03.09"]
[Round "7.3"]
[White "Muzychuk, Anna"]
[Black "Kosteniuk, Alexandra"]
[Result "1-0"]
[WhiteElo "2539"]
[BlackElo "2504"]
[Annotator "TA"]
[PlyCount "129"]
[EventDate "2020.03.02"]
[EventType "tourn"]
[EventCountry "SUI"]
[SourceTitle "playchess.com"]
[Source "ChessBase"]
[SourceQuality "1"]

{[%evp 10,129,34,33,60,49,62,12,12,12,14,0,0,6,20,12,8,16,10,0,31,23,32,22,31,32,22,18,19,15,13,14,24,7,34,30,19,0,30,29,38,35,35,25,36,39,145,149,154,165,160,147,153,163,161,160,158,158,240,239,271,267,256,263,252,258,333,207,307,271,408,310,542,522,489,481,481,472,766,766,766,765,713,727,433,659,625,600,575,483,483,421,421,412,374,245,766,676,783,729,691,706,570,519,497,457,6250,6425,6176,4954,5506,4275,4275,3554,6079,5700,5977,6133,5102,5095,5110,4339]} 1. e4 e5 2. Nf3 Nf6 3. Nxe5 d6 4. Nf3 Nxe4 5. Nc3 Nf6 6. d4 g6 {C42: Petroff Defence: 3 Nxe5 and unusual White 3rd moves.} 7. Bg5 {Black must now prevent Qe2+.} Bg7 {[#]} 8. Bb5+ $146 ({Predecessor:} 8. Qd2 h6 9. Bf4 a6 10. O-O-O Nc6 11. Re1+ Kf8 12. g3 Ne7 13. Qd1 b5 14. Bg2 {½-½ (77) Andriasian,Z (2611)-Rakhmanov,A (2645) Moscow 2019}) 8... c6 {The position is equal.} 9. Qe2+ Qe7 10. O-O-O (10. Bd3 {feels hotter.} Qxe2+ 11. Nxe2 O-O 12. O-O Re8 13. Bf4) 10... Qxe2 11. Bxe2 d5 $1 12. Bd3 Be6 13. Rde1 Nbd7 {[%cal Bb8d7,Bd7f8,Bf8e6][%mdl 32]} 14. h3 O-O-O 15. Bd2 Rhe8 16. Ng5 Nf8 17. f4 Ne4 18. Nxe6 Nxe6 19. Nxe4 dxe4 20. Rxe4 Bxd4 21. Rhe1 Rf8 22. Bb4 Bc5 23. Bc3 Bf2 24. Rf1 $36 {[%mdl 2048] Black is under pressure.} Bb6 25. b4 Nd4 26. g4 f5 27. Re7 Bc7 {Black is on the road to losing.} ({Black should try} 27... Rd7 $14 28. Rxd7 Kxd7) 28. Rxh7 $16 fxg4 29. hxg4 Bxf4+ 30. Kb2 Nb5 31. Bg7 (31. Bxg6 Nxc3 32. Bf5+ Rxf5 $1 $11 {[%mdl 512]}) 31... Rd7 {[#] With the idea ...Rxg7!} 32. Rh8 $1 {[%cal Rh8f8]} ({Don't do} 32. Bxg6 $6 Rxg7 33. Rxf4 Rxf4 $14) 32... Rxh8 33. Bxh8 Rf7 {[#]} (33... Be3 $16 {is a better defense.}) 34. g5 $1 $18 Rf8 35. Bg7 (35. Bxg6 Be5+ 36. Bxe5 Rxf1 $11) 35... Rg8 36. Rxf4 Rxg7 {[%mdl 4096] Endgame KRB-KRN} 37. Rf6 Kd7 38. Rxg6 ({Not} 38. Bxg6 Ke7 $14) 38... Rxg6 39. Bxg6 {KB-KN} Ke6 (39... b6 $142 40. a4 Nd6) 40. Bd3 Nd4 $2 (40... Nc7 41. Kb3 Ne8) 41. Kc3 Ke5 42. g6 {And now g7 would win.} Ne6 43. a4 b6 (43... Kf6 $142 44. Kc4 Ke5) 44. Kc4 Ng7 45. c3 Ne8 46. Bc2 Nd6+ 47. Kd3 {Threatens to win with g7.} Nf5 48. Bb1 Kd5 49. Ke2 Ng7 50. Ke3 Kc4 51. Kd2 {[%cal Rb1a2]} Kd5 52. Bc2 c5 $2 (52... Ke5 53. Ke3 Ke6) 53. Bb3+ {White is clearly winning.} c4 54. Bc2 Ke5 55. Ke3 Ne6 56. Be4 Ng7 57. Kf3 a5 (57... Kf6 $142 58. Bd5 Kxg6) 58. bxa5 bxa5 59. Ke3 Ne6 60. Bc6 Ng7 61. Bd7 Nh5 62. Be8 Ng3 63. Bf7 Nf5+ 64. Kf3 Kf6 65. Ke4 {Accuracy: White = 97%, Black = 55%.} 1-0

[Event "FIDE Womens GP Lausanne 2020"]
[Site "Lausanne"]
[Date "2020.03.09"]
[Round "7.4"]
[White "Muzychuk, Mariya"]
[Black "Goryachkina, Aleksandra"]
[Result "1/2-1/2"]
[WhiteElo "2552"]
[BlackElo "2579"]
[Annotator "TA"]
[PlyCount "74"]
[EventDate "2020.03.02"]
[EventType "tourn"]
[EventCountry "SUI"]
[SourceTitle "playchess.com"]
[Source "ChessBase"]
[SourceQuality "1"]

{[%evp 12,74,-1,-31,-7,-8,-18,-9,-11,-4,4,0,-12,-8,0,-3,2,0,16,11,10,-5,0,3,0,-32,-5,-2,-9,-4,0,0,0,0,0,0,0,0,0,0,0,0,5,5,5,5,5,5,5,5,5,5,5,5,5,5,5,5,5,5,5,5,5,0,5]} 1. e4 e5 2. Nf3 Nc6 3. Bc4 Bc5 4. b4 Bxb4 5. c3 Be7 6. d4 Na5 7. Be2 d6 {The modern move. C51: Evans Gambit: Declined and Accepted without 5...Ba5.} 8. Qa4+ c6 9. dxe5 dxe5 10. Nxe5 Nf6 11. O-O Qc7 12. Nf3 O-O 13. Bg5 {[#]} b6 $146 ({Predecessor:} 13... Re8 14. Nbd2 b5 15. Qc2 h6 16. Bh4 Nh5 17. Bxe7 Rxe7 18. g3 Nf6 19. Rfe1 {½-½ (19) Kurmann,O (2412)-Godena,M (2525) Switzerland 2014}) 14. Nbd2 Ng4 {[#] White must now prevent ...Bxg5.} 15. Bxe7 Qxe7 16. h3 Ne5 17. Nxe5 Qxe5 18. Qd4 (18. Qc2 {is more complex.} Be6 19. f4 Qc5+ 20. Kh2 Rad8 21. Nb3) 18... Qxd4 (18... Qf4 {feels hotter.} 19. Nb3 c5 20. Qd2 Qxd2 21. Nxd2 Be6) 19. cxd4 {The position is equal.} Rd8 20. Nf3 Be6 21. Rfd1 h6 22. Ne5 f6 23. Nxc6 {[%mdl 64] [#] Remove Defender, Decoy} Nxc6 24. d5 {[%mdl 64] Double Attack} Bd7 {Threatens to win with ...Na5.} 25. dxc6 Bxc6 26. f3 Ba4 27. Rxd8+ Rxd8 $11 {[%mdl 4096] Endgame KRB-KRB} 28. Rc1 Kf8 29. Kf2 Ke7 30. Ke3 Rd6 31. Rc7+ Rd7 32. Rc8 (32. Rxd7+ {looks sharper.} Bxd7 33. h4 g5 34. g3 Be6 35. a3) 32... Rd8 33. Rxd8 (33. Rc3 {is interesting.} Rd7 34. f4 Kd8 35. h4 Rc7 36. Rxc7 Kxc7 37. Kd4) 33... Kxd8 34. Kd4 Ke7 35. Ba6 Kd6 36. f4 Bc6 37. g3 Bd7 {An uneventful encounter. Accuracy: White = 96%, Black = 100%.} 1/2-1/2

[Event "FIDE Womens GP Lausanne 2020"]
[Site "Lausanne"]
[Date "2020.03.09"]
[Round "7.5"]
[White "Cramling, Pia"]
[Black "Dzagnidze, Nana"]
[Result "1/2-1/2"]
[WhiteElo "2470"]
[BlackElo "2515"]
[Annotator "TA"]
[PlyCount "113"]
[EventDate "2020.03.02"]
[EventType "tourn"]
[EventCountry "SUI"]
[SourceTitle "playchess.com"]
[Source "ChessBase"]
[SourceQuality "1"]

{[%evp 13,113,0,0,0,0,-6,0,0,0,0,0,0,0,0,0,0,0,0,0,0,24,0,0,0,0,0,18,0,0,0,0,0,0,-10,6,0,18,0,0,-20,-19,-9,2,3,8,3,8,8,57,57,57,57,57,57,57,57,68,61,68,68,68,57,70,62,62,43,57,41,57,35,44,35,40,35,34,17,89,17,57,57,57,57,57,57,83,17,17,17,17,8,8,8,8,8,8,8,8,0,8,8,8,8]} 1. d4 Nf6 2. Nf3 g6 3. c4 Bg7 4. Nc3 d5 5. e3 O-O 6. Qb3 e6 7. Be2 b6 8. cxd5 {D95: Grünfeld: 4 Nf3 Bg7 5 e3 0-0 6 Qb3.} exd5 9. O-O Be6 10. Bd2 Ne4 {[#]} 11. Qc2 $146 ({Predecessor:} 11. Rfd1 Nxd2 12. Rxd2 c6 13. Rc1 Nd7 14. Qa4 c5 15. dxc5 Nxc5 16. Qd1 Bxc3 17. bxc3 Qf6 {½-½ (17) Jussupow,A (2601)-Edouard,R (2627) Switzerland 2012}) 11... Nxd2 12. Qxd2 a6 13. Rac1 Re8 14. Rfd1 Nd7 15. Ne1 Bf8 16. Nd3 Bd6 17. Nf4 (17. f4 {is interesting.} Nf6 18. Ne5 b5 19. Bf3 Rc8 20. Nc6) 17... Bxf4 18. exf4 Nf6 19. Bd3 Qd6 20. Re1 c5 21. f5 {[#] Hoping for dxc5.} Bd7 22. Rxe8+ Bxe8 23. b3 Bd7 24. Ne2 a5 25. fxg6 (25. h4 {keeps more tension.} a4 26. Ng3 axb3 27. axb3 cxd4 28. h5) 25... hxg6 26. Qf4 Qxf4 27. Nxf4 a4 28. dxc5 bxc5 29. h4 axb3 30. axb3 Rb8 31. Rxc5 Rxb3 32. Nxd5 Nxd5 33. Rxd5 $14 {[%mdl 4096] Endgame KRB-KRB} Be6 34. Rd4 Rb2 35. Be4 Kg7 36. g3 Rb5 37. Kg2 g5 38. hxg5 Rxg5 39. Bf3 Rc5 40. Rd6 Kf6 41. Rd2 Ke7 42. Be4 f5 43. Bc2 Kf6 44. Kf3 Rd5 (44... Kg5 $11 {keeps the balance.}) 45. Bd3 ({Better is} 45. Rxd5 $16 Bxd5+ 46. Kf4) 45... Bf7 46. Ke3 Re5+ 47. Kf4 Rd5 48. Rd1 Rd8 49. Ke3 (49. Bc2 $16 Rxd1 50. Bxd1) 49... Bc4 $11 {The position is equal.} 50. Rd2 Re8+ 51. Kd4 Bxd3 52. Kxd3 {KR-KR} f4 53. gxf4 Kf5 54. Re2 $1 {[%cal Re2e8]} Ra8 55. Re3 Kxf4 56. Ke2 Ra2+ 57. Kf1 {Accuracy: White = 93%, Black = 89%.} 1/2-1/2